Statistics for Flags with Orange

Click here to take the quiz!

General Stats

  • This quiz has been taken 7 times
  • The average score is 8 of 13

Answer Stats

Country% Correct
Armenia
83%
India
83%
Ireland
83%
Ivory Coast
83%
Niger
83%
Bhutan
67%
Sri Lanka
67%
Cyprus
50%
El Salvador
50%
Guatemala
50%
Eritrea
33%
Marshall Islands
33%
Zambia
33%

Score Distribution

Percentile by Number Answered

Percent of People with Each Score

Your Score History

You have not taken this quiz